Maantiedettä kirjaimittain - F - Statistics

Yleistilastot
  • Tätä visaa on pelattu 1 182 kertaa
  • Keskiarvotulos 10 / 20
Vastaustilastot
Vihje Vastaus % Oikein
Yhdysvaltain "auringonpaisteen osavaltio" Florida
89%
Japanin korkein vuori Fuji
89%
Tyynenmeren saarivaltio Fidži
88%
Saksan finanssipääkaupunki Frankfurt
87%
Kaakkois-Aasian saarivaltio Filippiinit
85%
Ranska ranskan kielellä France
81%
Sveitsin valuutta Frangi
80%
Toscanan pääkaupunki Firenze
75%
Tanskalle kuuluva alue Pohjanmerellä Färsaaret
61%
Yhdistyneelle kuningaskunnalle kuuluva saaristo, jonka Argentiina on vaatinut itselleen Falklandinsaaret
58%
Sierra Leonen pääkaupunki Freetown
39%
Lieriömäisestä punaisesta hatusta tunnettu kaupunki Marokossa Fès
31%
Själlannin ja Jyllannin välissä sijaitseva saari Fyn
30%
Belgian hollanninkielinen alue Flanderi
29%
Madeiran suurin kaupunki Funchal
24%
Itävallan keisarin mukaan nimetty Venäjälle kuuluva arktinen saaristo Frans Joosefin maa
18%
Pohjanmeren rannikolla Saksassa ja Alankomaissa sijaitseva alue, jossa puhutaan osittain omaa kieltä Friisinmaa
16%
Maailman suurimmista vuorovedenvaihteluista tunnettu lahti Kanadassa Fundynlahti
9%
Indonesialle kuuluva saari Pienillä Sundasaarilla Flores
8%
Yksi Yhdistyneiden arabiemiirikuntien emiraateista Fujaira
6%
Ehtoja vastaavia visoja ei löytynyt
Tulosjakauma
Jokaisen tuloksen saaneiden osuus
Persentiili vastausten määrän mukaan
Tuloshistoriasi
Et ole pelannut tätä visaa